|
|
|
|
| LEADER |
02234nam a2200397 a 4500 |
| 001 |
37208 |
| 003 |
BD-DhAAL |
| 005 |
20211124103114.0 |
| 008 |
120717s2012 enk b 001 0 eng d |
| 999 |
|
|
|c 42319
|d 42319
|
| 010 |
|
|
|a 2011277748
|
| 016 |
7 |
|
|a 016099841
|2 Uk
|
| 020 |
|
|
|a 9781780322230 (pbk.)
|
| 020 |
|
|
|a 1780322232 (pbk.)
|
| 020 |
|
|
|a 9781780322247
|
| 020 |
|
|
|a 1780322240
|
| 040 |
|
|
|a BTCTA
|b eng
|c BTCTA
|d YDXCP
|d YNK
|d COO
|d UKMGB
|d J2H
|d NDD
|d IUL
|d TTU
|d BWX
|d OBE
|d DLC
|d BD-DhAAL
|
| 082 |
|
|
|a 320.9174927
|2 23
|
| 100 |
1 |
|
|a Dabashi, Hamid,
|d 1951-
|9 40696
|
| 245 |
1 |
4 |
|a The Arab spring :
|b the end of postcolonialism /
|c Hamid Dabashi.
|
| 260 |
|
|
|a London ;
|a New York :
|b Zed Books ;
|a New York :
|b Distributed in the USA exclusively by Palgrave Macmillan,
|c c2012.
|
| 300 |
|
|
|a xxi, 272 pages ;
|c 22 cm.
|
| 504 |
|
|
|a Includes bibliographical references (pages 255-262) and index.
|
| 505 |
0 |
|
|a Introduction : the Arab Spring : the end of postcoloniality -- Decentering the world : how the Arab Spring unfolded -- Towards a liberation geography -- A new language of revolt -- Discovering a new world -- From the Green Movement to the Jasmine Revolution -- The center cannot hold -- The end of postcolonialism -- Race, gender, and class in transnational revolutions -- Libya : the crucible and the politics of space -- Delayed defiance -- Conclusion : the people demand the overthrow of the regime.
|
| 526 |
|
|
|a ENH
|
| 541 |
|
|
|a Development Book Agency
|e 37208
|
| 650 |
|
0 |
|a Arab Spring, 2010-
|9 40697
|
| 650 |
|
0 |
|a Revolutions
|z Arab countries
|x History
|y 21st century.
|9 40698
|
| 650 |
|
0 |
|a Protest movements
|z Arab countries
|x History
|y 21st century.
|9 40699
|
| 650 |
|
0 |
|a English language.
|9 43038
|
| 651 |
|
0 |
|a Arab countries
|x Politics and government
|y 21st century.
|9 40700
|
| 651 |
|
0 |
|a Arab countries
|x History
|y 21st century.
|9 40701
|
| 651 |
|
0 |
|a Middle East
|x Politics and government
|y 21st century.
|9 40702
|
| 852 |
|
|
|a Ayesha Abed Library
|c General Stacks
|
| 942 |
|
|
|2 ddc
|c BK
|
| 952 |
|
|
|0 0
|1 0
|2 ddc
|4 0
|6 320_917492700000000_DAB
|7 0
|9 68166
|a BRACUL
|b BRACUL
|c GEN
|d 2020-03-12
|e Development Book Agency
|g 1600.00
|l 4
|m 28
|o 320.9174927 DAB
|p 3010037208
|r 2025-07-02
|s 2025-05-14
|t 1
|v 1600.00
|w 2020-03-12
|y BK
|x Received during pandemic
|